000
00272nam a22000977a 4500
008
240921b |||||||| |||| 00| 0 eng d
020
_a
9789360231620
100
_a
MTG Learning Media
_9
7727
245
_a
CBSE 10 Solved Question Papers-Class-12
260
_a
New Delhi
_b
MTG
_c
2025
999
_c
12683
_d
12683